000 00301nam a2200109Ia 4500
008 201217s9999 xx 000 0 und d
100 _aNemeth, Evi, Snyder, Garth and Seebass, Scott
245 0 _aUnix System Administration Handbook
260 _aNew Jersey
_bPrentice-Hall
300 _a593
942 _cBK
999 _c7988
_d7988